Intermediate Algebra with applications

Bibliographic Details
Main Authors: Auffmann, Richard N., Barker, Vernon C, Lockwood, Joanne S
Format: Section = Libro
Language:Undetermined
Spanish
Published: Boston Houghton Mifflin Company 2008
Edition:7a.ed.
Subjects:
LEADER 00667nam a2200253Ia 4500
008 240829s9999 xx 000 0 und d
020 |a 978-0-618-80370 
040 |a BIBLIOTECA-RUSB/ 512.9 A918 
041 |a spa 
082 |a 512.9 A918 
100 1 |a Auffmann, Richard N. 
100 1 |b  Barker, Vernon C 
100 1 |c  Lockwood, Joanne S 
245 1 0 |a Intermediate Algebra with applications 
250 |a 7a.ed. 
260 |a Boston  |b Houghton Mifflin Company  |c 2008 
300 |a 871 p. :il. 
650 7 |a ALGEBRA 
650 7 |b  FUNCIONES 
650 7 |c  DESIGUALDADES MATEMATICAS 
650 7 |d  SERIES MATEMATICAS 
942 |c BK  |2 ddc 
991 |a TEXTO 
999 |c 1481